Hire purchase and sales of goods (Record no. 40816)

MARC details
000 -LEADER
fixed length control field 00323nam a2200145Ia 4500
050 ## - CALL MARK
Classification number KP 132 .N5/
245 #0 - TITLE STATEMENT
Title Hire purchase and sales of goods
260 ## - PUBLICATION, DISTRIBUTION, ETC. (IMPRINT)
Place of publication Lagos
260 ## - PUBLICATION, DISTRIBUTION, ETC. (IMPRINT)
Name of publisher princton
260 ## - PUBLICATION, DISTRIBUTION, ETC. (IMPRINT)
Year of publication 2010
650 ## - SUBJECT ADDED ENTRY--TOPICAL TERM
Topical Term Lagos
942 ## - ADDED ENTRY ELEMENTS (KOHA)
Koha item type Books
Holdings
Withdrawn status Lost status Damaged status Not for loan Permanent Location Current Location Shelving location Date acquired Accession Number Price effective from Koha item type
        Law Library Law Library Items on shelf 06/03/2025 0191495 06/03/2025 Books
        Law Library Law Library Items on shelf 06/03/2025 0191496 06/03/2025 Books
        Law Library Law Library Items on shelf 06/03/2025 0191497 06/03/2025 Books